00336nam a2200121 a 4500008004100000020001500041050001600056100003300072245003600105260004600141300001800187350000900205120416s0000 ||||||||||||||||| || u a0912164034 aHF 5635 Eit aEiteman, Wilford John, 1902-10aEssentials of accounting theory aAnn Arbor, MichiganbMasterco Pressc1961 av, 64p. : ill a0.00